Statistics for All U.S. National Parks

Click here to take the quiz!

General Stats

  • This quiz has been taken 14 times
  • The average score is 31 of 62

Answer Stats

National ParkAcres% Correct
Acadia49,076.63
91%
Arches76,678.98
91%
Everglades1,508,938.57
91%
Yellowstone2,219,790.71
91%
Denali4,740,911.16
82%
Grand Canyon1,201,647.03
82%
Grand Teton310,044.36
82%
Great Smoky Mountains522,426.88
82%
Olympic922,649.41
82%
Yosemite761,747.50
82%
Zion147,242.66
82%
Glacier1,013,125.99
73%
Joshua Tree795,155.85
73%
Rocky Mountain265,807.25
73%
Badlands242,755.94
64%
Bryce Canyon35,835.08
64%
Carlsbad Caverns46,766.45
64%
Crater Lake183,224.05
64%
Mammoth Cave54,011.91
64%
Mount Rainier236,381.64
64%
Petrified Forest221,390.21
64%
Big Bend801,163.21
55%
Canyonlands337,597.83
55%
Death Valley3,408,406.73
55%
Great Basin77,180.00
55%
Mesa Verde52,485.17
55%
Redwood138,999.37
55%
Sequoia404,062.63
55%
Shenandoah199,223.77
55%
Gates of the Arctic7,523,897.45
45%
Hawaii Volcanoes325,605.28
45%
Isle Royale571,790.30
45%
Kings Canyon461,901.20
45%
Lassen Volcanic106,589.02
45%
Saguaro91,715.72
45%
Theodore Roosevelt70,446.89
45%
Voyageurs218,222.35
45%
Biscayne172,971.11
36%
Black Canyon of the Gunnison30,779.83
36%
Capitol Reef241,904.50
36%
Channel Islands249,561.00
36%
Cuyahoga Valley32,571.88
36%
Dry Tortugas64,701.22
36%
Gateway Arch192.83
36%
Great Sand Dunes107,341.87
36%
White Sands146,344.31
36%
Congaree26,476.47
27%
Glacier Bay3,223,383.43
27%
Guadalupe Mountains86,367.10
27%
Hot Springs5,554.15
27%
Indiana Dunes15,349.08
27%
Kenai Fjords669,650.05
27%
North Cascades504,780.94
27%
Virgin Islands15,052.53
27%
Wind Cave33,970.84
27%
Haleakalā33,264.62
18%
Katmai3,674,529.33
18%
Kobuk Valley1,750,716.16
18%
Lake Clark2,619,816.49
18%
Pinnacles26,685.73
18%
Wrangell-St. Elias8,323,146.48
18%
American Samoa8,256.67
9%

Score Distribution

Percentile by Number Answered

Percent of People with Each Score

Your Score History

You have not taken this quiz